000 01288nam a22002897a 4500
003 PE SENCICO BE
005 20251020182649.0
008 240112b |||||||| |||| 00| 0 eng d
040 _aPE SENCICO BE
_cPE SENCICO BE
041 _aspa
084 _aI
_aDIS
_a2015
_bH41
100 1 _91879
_aHeredia Vásquez, Ronald Axel
_eautor
245 1 _aLa organización espacial como definidor de espacios de interiores funcionales /
_cRonald Axel Heredia Vásquez
246 _aTienda boutique
260 _aLima :
_c2015
300 _a38 h. :
_bil. col. ;
_c30 cm.
500 _aTexto en dos volúmenes. El volumen 2 contiene planos (40 x 60 cm.).
502 _aMonografía de Titulación.-- Servicio Nacional de Capacitación para la Industria de la Construcción. Escuela Superior Técnica. Carrera Profesional Técnica en Diseño de Interiores, 2015
505 0 _av. 1 : La organización espacial como definidor de espacios de interiores funcionales -- v. 2: Tienda boutique
650 1 0 _99
_aEspacios interiores
650 2 0 _944
_aDiseño de interiores
650 2 0 _9882
_aBoutiques
650 2 0 _9615
_aPlanos
710 1 _aServicio Nacional de Capacitación para la Industria de la Construcción.
_bEscuela Superior Técnica
_91065
910 _bhfp
_chfp
942 _cMON
_2ddc
999 _c4507
_d4507